| 000 -LEADER | |
|---|---|
| fixed length control field | 01256nam a22002297a 4500 |
| 005 - DATE AND TIME OF LATEST TRANSACTION | |
| control field | 20250420134803.0 |
| 008 - FIXED-LENGTH DATA ELEMENTS--GENERAL INFORMATION | |
| fixed length control field | 191219b ||||| |||| 00| 0 eng d |
| 020 ## - INTERNATIONAL STANDARD BOOK NUMBER | |
| International Standard Book Number | 9781292025735 |
| 040 ## - CATALOGING SOURCE | |
| Transcribing agency | KCST |
| 082 ## - DEWEY DECIMAL CLASSIFICATION NUMBER | |
| Classification number | 621.3822 |
| Item number | Pr Di |
| 100 ## - MAIN ENTRY--PERSONAL NAME | |
| Personal name | Proakis, John G.; |
| 9 (RLIN) | 1000 |
| 245 ## - TITLE STATEMENT | |
| Title | Digital signal processing / |
| Statement of responsibility, etc. | John G Proakis; Dimitris K. Manolakis |
| 250 ## - EDITION STATEMENT | |
| Edition statement | 4th ed. Pearson new Int. ed. |
| 260 ## - PUBLICATION, DISTRIBUTION, ETC. | |
| Place of publication, distribution, etc. | Upper Saddle River (New Jersey) : |
| Name of publisher, distributor, etc. | Pearson Prentice, |
| Date of publication, distribution, etc. | 2014. |
| 300 ## - PHYSICAL DESCRIPTION | |
| Extent | 1018 pages ; |
| Dimensions | 28 x 22 cm |
| 505 ## - FORMATTED CONTENTS NOTE | |
| Formatted contents note | Introduction --<br/>Discrete-time signals and systems --<br/>The z-transform and its application to the analysis of LTI systems --<br/>Frequency analysis of signals --<br/>Frequency-domain analysis of LTI systems --<br/>Sampling and reconstruction of signals --<br/>The discrete Fourier transform: its properties and application --<br/>Efficient computation of the DFT: fast Fourier transform algorithms --<br/>Implementation of discrete-time systems --<br/>Design of digital filters --<br/>Multirate digital signal processing --<br/>Linear prediction and optimum linear filters --<br/>Adaptive filters. |
| 650 ## - SUBJECT ADDED ENTRY--TOPICAL TERM | |
| Topical term or geographic name entry element | Signal processing |
| General subdivision | Digital techniques. |
| 9 (RLIN) | 1001 |
| 655 ## - INDEX TERM--GENRE/FORM | |
| Genre/form data or focus term | Textbooks |
| 9 (RLIN) | 4759 |
| 700 ## - ADDED ENTRY--PERSONAL NAME | |
| Personal name | Manolakis, Dimitris K. |
| 9 (RLIN) | 1002 |
| 942 ## - ADDED ENTRY ELEMENTS (KOHA) | |
| Koha item type | Book |
| 942 ## - ADDED ENTRY ELEMENTS (KOHA) | |
| Source of classification or shelving scheme | Dewey Decimal Classification |
| Withdrawn status | Lost status | Source of classification or shelving scheme | Damaged status | Not for loan | Home library | Current library | Date acquired | Cost, normal purchase price | Total checkouts | Full call number | Barcode | Date last seen | Price effective from | Koha item type | Source of acquisition | Cost, replacement price |
|---|---|---|---|---|---|---|---|---|---|---|---|---|---|---|---|---|
| Dewey Decimal Classification | KCST Library | KCST Library | 19/12/2019 | 28.78 | 621.382 Pr Di | 1000000254 | 19/12/2019 | 19/12/2019 | Course Textbook | |||||||
| Dewey Decimal Classification | KCST Library | KCST Library | 19/09/2023 | 22.50 | 621.382 Pr Di | 1000001194 | 19/09/2023 | 19/09/2023 | Course Textbook | Procured - KCST-INV002 | 22.50 | |||||
| Dewey Decimal Classification | KCST Library | KCST Library | 19/09/2023 | 22.50 | 621.382 Pr Di | 1000001195 | 19/09/2023 | 19/09/2023 | Course Textbook | Procured - KCST-INV002 | 22.50 |